| 000 | 01093cac a2200301 a 4500 | ||
|---|---|---|---|
| 003 | CO-PeBPM | ||
| 005 | 20260205105910.0 | ||
| 008 | 250328e2024III ck a|||| |||| 00| 0 spa d | ||
| 020 | _a9786289591392 | ||
| 040 | 0 |
_aCO-PeBPM _bspa _cCO-PeBPM _erda |
|
| 041 | _aspa | ||
| 082 | 0 | 4 |
_a070.449 H967d _222 |
| 100 | 1 | 0 |
_aHurtado Marín, John William _eautor |
| 245 | 1 | 0 |
_aDe caminos y vientos _c/ John William Hurtado Marín |
| 250 | _aPrimera edición | ||
| 260 |
_aPereira, Colombia _b: Alcaldía de Pereira, Secretaría de Cultura de Pereira _c, 2024 |
||
| 300 |
_a144 páginas _b: ilustraciones en blanco y negro _c; 21 centímetros |
||
| 490 |
_aColección de Escritores Pereiranos. Modalidad Crónicas y/o reportaje _v71 |
||
| 500 | _aIncluye índice. | ||
| 500 | _aContiene datos biográficos del autor en la solapa del texto | ||
| 648 | 1 | 4 |
_aSiglo XXI _2LEMB |
| 650 | 1 | 4 |
_aCrónica periodística _2LEMB |
| 650 | 1 | 4 |
_aReportajes colombianos _2LEMB |
| 650 | 1 | 4 |
_aMemoria colectiva _2LEMB |
| 650 | 1 | 4 |
_aPeriodismo y literatura _2LEMB |
| 651 | 1 | 4 |
_aColombia _2LEMB |
| 942 |
_2ddc _cBK _n0 |
||
| 999 |
_c60613 _d60613 |
||